Quisanté / (Record no. 186788)
[ view plain ]
| 000 -LEADER | |
|---|---|
| fixed length control field | 00973 a2200193 4500 |
| 003 - CONTROL NUMBER IDENTIFIER | |
| control field | NUST |
| 005 - DATE AND TIME OF LATEST TRANSACTION | |
| control field | 20230124175404.0 |
| 010 ## - LIBRARY OF CONGRESS CONTROL NUMBER | |
| LC control number | 87171698 |
| 040 ## - CATALOGING SOURCE | |
| Transcribing agency | Nust |
| 082 ## - DEWEY DECIMAL CLASSIFICATION NUMBER | |
| Classification number | 823,HOP |
| 100 ## - MAIN ENTRY--PERSONAL NAME | |
| Personal name | Hope, Anthony, |
| 9 (RLIN) | 107570 |
| 245 ## - TITLE STATEMENT | |
| Title | Quisanté / |
| Statement of responsibility, etc. | Anthony Hope |
| 260 ## - PUBLICATION, DISTRIBUTION, ETC. | |
| Place of publication, distribution, etc. | London |
| Name of publisher, distributor, etc. | Methuen |
| Date of publication, distribution, etc. | 1925 |
| 300 ## - PHYSICAL DESCRIPTION | |
| Extent | 304 p.; |
| Other physical details | 20 cm |
| 505 ## - FORMATTED CONTENTS NOTE | |
| Formatted contents note | Disk Benyon Outsider (Page-7),Moments(Page-19), Sandro Way(Page-31), He Coming(Page-43),Whimsy Whamsies (Page-58),Om Duty Hill (Page-73),Advice Form Aunt (Page-86),Contra Mundum (Page-101),Lead Us Not (Page-114),Practical Politics (Page-128),Seventy-Seven And Susy Sinnentt (Page-144),A Highly Vorrect (Page-160),Not Superhuman (Page-175),Open Eyes (Page-191),A Strange Idea (Page-208),The Irrevocable (Page-225), Done For? (Page-243),For Lock Of Love(Page-259),Death Defied (Page-274),The Quiet Life (Page-287),A Relict (Page-300). |
| 600 ## - SUBJECT ADDED ENTRY--PERSONAL NAME | |
| Personal name | Hope, Anthony, |
| 9 (RLIN) | 107570 |
| 650 ## - SUBJECT ADDED ENTRY--TOPICAL TERM | |
| Topical term or geographic name entry element | Novel |
| 9 (RLIN) | 2525 |
| 942 ## - ADDED ENTRY ELEMENTS (KOHA) | |
| Source of classification or shelving scheme | |
| Koha item type | Book |
| Call number prefix | 823,HOP |
| Withdrawn status | Lost status | Source of classification or shelving scheme | Damaged status | Not for loan | Permanent Location | Current Location | Shelving location | Date acquired | Full call number | Barcode | Date last seen | Price effective from | Koha item type | Public note |
|---|---|---|---|---|---|---|---|---|---|---|---|---|---|---|
| Military College of Signals (MCS) | Military College of Signals (MCS) | General Stacks | 12/12/2016 | 823,HOP | MCS30052 | 12/08/2016 | 12/12/2016 | Book | Almirah No.57, Shelf No.6 |
